Stores of the Year No. 21 (Record no. 7909)

000 -LEADER
fixed length control field 00378nam a22001457a 4500
003 - CONTROL NUMBER IDENTIFIER
control field OSt
005 - DATE AND TIME OF LATEST TRANSACTION
control field 20200603130007.0
008 - FIXED-LENGTH DATA ELEMENTS--GENERAL INFORMATION
fixed length control field 200603b ||||| |||| 00| 0 eng d
020 ## - INTERNATIONAL STANDARD BOOK NUMBER
International Standard Book Number 9780985467456
082 ## - DEWEY DECIMAL CLASSIFICATION NUMBER
Classification number 747.8521
Item number HAN
110 ## - MAIN ENTRY--CORPORATE NAME
Corporate name or jurisdiction name as entry element Hangman John and Groeber (editor)
245 ## - TITLE STATEMENT
Title Stores of the Year No. 21
260 ## - PUBLICATION, DISTRIBUTION, ETC. (IMPRINT)
Place of publication, distribution, etc New York
Name of publisher, distributor, etc RSD Publishing,Inc
Date of publication, distribution, etc 15, 2016
942 ## - ADDED ENTRY ELEMENTS (KOHA)
Source of classification or shelving scheme
Holdings
Withdrawn status Lost status Source of classification or shelving scheme Damaged status Koha normalized classification for sorting Not for loan Permanent location Current location Date acquired Full call number Barcode Date last seen Price effective from Koha item type
        747_852100000000000_HAN   BMS College of Architecture, Design and Planning BMS College of Architecture, Design and Planning 2020-06-03 747.8521 HAN AR-UG1816 2020-06-03 2020-06-03 UG Books
Copyright © 2025, The Librarian, Library and Information Centre, BMSCA D&P, Bengaluru. All Rights Reserved
web counter

Powered by Koha